01764nam a2200373 a 4500001001200000003000800012006001900020007001500039008004100054020001500095020001800110020002700128040002100155035002100176050002300197245016900220260003500389300002500424490011300449504005100562505014400613533015200757650002000909650002000929650002700949650004000976655002901016700001701045700002001062700002501082710001701107830014001124856012601264ebr10477705CaPaEBRm u cr cn|||||||||110706s1998 enka sb 001 0 eng d z1855752131 z9781855752139 z9781849402507 (e-book) aCaPaEBRcCaPaEBR a(OCoLC)73394418114aRC504b.P79 1998eb00aPsychoanalysis and developmental therapyh[electronic resource] /cedited by Anne Hurry ; contributors, Tessa Baradon ... [et al.] ; foreword by Anne-Marie Sandler. aLondon :bKarnac Books,c1998. axvii, 237 p. :bill.1 aMonograph series of the Psychoanalysis Unit of University College, London and the Anna Freud Centre ;vno. 3 aIncludes bibliographical references and index.0 apt. 1. Theoretical background -- pt. 2. Clinical work with children -- pt. 3. Clinical and educational interventions in work with children. aElectronic reproduction.bPalo Alto, Calif. :cebrary,d2011.nAvailable via World Wide Web.nAccess may be limited to ebrary affiliated libraries. 0aPsychoanalysis. 0aChild analysis. 0aDevelopmental therapy. 0aDevelopmental therapy for children. 7aElectronic books.2local1 aHurry, Anne.1 aBaradon, Tessa.1 aSandler, Anne-Marie.2 aebrary, Inc. 0aMonograph series of the Psychoanalysis Unit of University College, London and the Anna Freud Centre, London (London, England) ;vno. 3.40uhttp://site.ebrary.com/lib/rucke/Doc?id=10477705zAn electronic book accessible through the World Wide Web; click to view